000
00229nam a2200097Ia 4500
008
240625s9999 xx 000 0 und d
041
_a
eng
100
_a
LINUX FOR YOU
245
_a
WORKING IN A VIRTUAL WORLD DISC 2
260
_c
2007
999
_c
33798
_d
33798